Superportraits : (Record no. 26920)

000 -LEADER
fixed length control field 01423cam a2200397 a 4500
001 - CONTROL NUMBER
control field 2608907
005 - DATE AND TIME OF LATEST TRANSACTION
control field 20170207091746.0
008 - FIXED-LENGTH DATA ELEMENTS--GENERAL INFORMATION
fixed length control field 970814s1996 enka b 001 0 eng d
010 ## - LIBRARY OF CONGRESS CONTROL NUMBER
LC control number 97196481
020 ## - INTERNATIONAL STANDARD BOOK NUMBER
International Standard Book Number 0863773982
035 ## - SYSTEM CONTROL NUMBER
System control number (OCoLC)36992095
050 00 - LIBRARY OF CONGRESS CALL NUMBER
Classification number NC1763 .P677R56 1996
082 04 - DEWEY DECIMAL CLASSIFICATION NUMBER
Classification number 153.7
Edition number 21
100 1# - MAIN ENTRY--PERSONAL NAME
Personal name Rhodes, Gillian.
245 10 - TITLE STATEMENT
Title Superportraits :
Remainder of title caricatures and recognition /
Statement of responsibility, etc. Gillian Rhodes.
260 ## - PUBLICATION, DISTRIBUTION, ETC. (IMPRINT)
Place of publication, distribution, etc. Hove, East Sussex, UK :
Name of publisher, distributor, etc. Psychology Press,
Date of publication, distribution, etc. c1996.
300 ## - PHYSICAL DESCRIPTION
Extent x, 174 p. :
Other physical details ill. ;
Dimensions 24 cm.
440 #0 - SERIES STATEMENT/ADDED ENTRY--TITLE
Title Essays in cognitive psychology,
International Standard Serial Number 0959-4779
504 ## - BIBLIOGRAPHY, ETC. NOTE
Bibliography, etc Includes bibliographical references (p. 147-163) and indexes.
650 #0 - SUBJECT ADDED ENTRY--TOPICAL TERM
Topical term or geographic name as entry element Portraits
General subdivision Caricatures and cartoons.
650 #0 - SUBJECT ADDED ENTRY--TOPICAL TERM
Topical term or geographic name as entry element Caricature
General subdivision Technique.
650 #0 - SUBJECT ADDED ENTRY--TOPICAL TERM
Topical term or geographic name as entry element Caricature
General subdivision Psychological aspects.
650 #0 - SUBJECT ADDED ENTRY--TOPICAL TERM
Topical term or geographic name as entry element Wit and humor, Pictorial.
856 42 - ELECTRONIC LOCATION AND ACCESS
Materials specified Publisher description
Uniform Resource Identifier <a href="http://www.loc.gov/catdir/enhancements/fy0652/97196481-d.html">http://www.loc.gov/catdir/enhancements/fy0652/97196481-d.html</a>
942 ## - ADDED ENTRY ELEMENTS (KOHA)
Source of classification or shelving scheme
Koha item type Hard Covered Materials
Holdings
Withdrawn status Lost status Source of classification or shelving scheme Damaged status Not for loan Home library Current library Shelving location Date acquired Source of acquisition Total Checkouts Full call number Barcode Date last seen Price effective from Koha item type
          MACHAKOS UNIVERSITY LIBRARY MACHAKOS UNIVERSITY LIBRARY Technical section 07/02/2017 Donation(BFA)   NC1763 .P677R56 1996 34488 31/05/2018 07/02/2017 Hard Covered Materials
© Machakos University Library, Along The Highway, Machakos Wote Rd, Machakos, Kenya P.O. Box 136 - 90100 Machakos - Kenya

Tel: ( +254 ) 723 805829 OR Fax : 044-20353 OR Email: library@mksu.ac.ke